[Event "Nagoya open"]
[Date "2006.6.24"]
[Round "1"]	
[White "Ozaki.Y"]
[Black "Grosshans.R"]
[Result "0-1"]
[WhiteElo "1785"]
[BlackElo "2131"]
1.e4 Nf6 2.Nc3 d5 3.exd5 Nxd5 4.Nxd5 Qxd5 5.Nf3 Bg4 6.Be2 e6 7.0-0 c6 8.c3 Nd7 9.Qa4 Nf6 10.d4 Bd6 11.Be3 0-0 12.h3 Bh5 13.c4 Qe4 14.Ng5 Qg6 15.Bxh5 Qxh5 16.Qc2 h6 17.Ne4 Nxe4 18.Qxe4 Rae8 19.c5 Bb8 20.Qc2 f5 21.f4 g5 22.Qd1 Qg6 23.b4 Re7 24.a4 Rg7 25.Ra2 Qf7 26.Rb2 Qf6 27.b5 Rd8 28.Rd2 Rgd7 29.bxc6 bxc6 30.Qh5 gxf4 31.Bf2 Qg5 32.Qf3 Rd5 33.Re1 e5 34.h4 Qg7 35.Qh5 e4 36.Rde2 f3 37.Be3 f4 0-1

[Event "Nagoya open"]
[Date "2006.6.24"]
[Round "1"]	
[White "Kojima.S"]
[Black "Kurihara.T"]
[Result "1-0"]
[WhiteElo "2122"]
[BlackElo "1717"]
1.e4 e6 2.d4 d5 3.Nc3 Bb4 4.e5 c5 5.a3 Bxc3+ 6.bxc3 Ne7 7.Qg4 0-0 8.Bd3 Nbc6 9.Qh5 Ng6 10.Nf3 Qc7 11.Be3 c4 12.Bxg6 fxg6 13.Qg4 Bd7 14.h4 Rf5 15.Ng1 Raf8 16.Ne2 Nd8 17.Ng3 R5f7 18.h5 gxh5 19.Nxh5 Kh8 20.Nf4 Kg8 21.Rxh7 Be8 22.Qh5 1-0

[Event "Nagoya open"]
[Date "2006.6.24"]
[Round "1"]	
[White "Lacang.P"]
[Black "Looijmans.K"]
[Result "1-0"]
[WhiteElo "1703"]
[BlackElo "2083"]
1.c4 f5 2.Nc3 Nf6 3.g3 d6 4.Bg2 g6 5.d3 Bg7 6.Nf3 0-0 7.0-0 h6 8.Re1 c6 9.e4 Ng4 10.h3 fxe4 11.Nxe4 Nf6 12.Qb3 Na6 13.d4 Rb8 14.Nh4 Nxe4 15.Rxe4 Bf5 16.Nxf5 Rxf5 17.Be3 Kh7 18.Re1 b5 19.Rh4 d5 20.cxd5 cxd5 21.g4 Rf8 22.Qxd5 Qxd5 23.Bxd5 Nb4 24.Be4 Rbc8 25.g5 Nc2 26.Re2 Nxe3 27.fxe3 Rc1+ 28.Kh2 Rcf1 29.gxh6 Bxh6 30.Rg2 R8f6 31.Bd3 R1f2 32.Re4 Bf8 33.h4 R2f5 34.Reg4 Rf3 35.Bxg6+ Kh6 36.e4 R6f4 37.Bf5 Rxg4 38.Rxg4 Kh5 39.Rg8 Rf2+ 40.Kg3 Rxb2 41.Rxf8 Kh6 42.Kf4 Rxa2 43.Ke5 b4 44.Rf7 b3 45.Rh7+ 1-0

[Event "Nagoya open"]
[Date "2006.6.24"]
[Round "1"]	
[White "Iwasaki.Y"]
[Black "Ohtake.S"]
[Result "1-0"]
[WhiteElo "2050"]
[BlackElo "1670"]
1.e4 c5 2.Nf3 Nc6 3.d4 cxd4 4.Nxd4 Nf6 5.Nc3 e5 6.Ndb5 d6 7.Bg5 a6 8.Na3 b5 9.Nd5 Be7 10.Bxf6 Bxf6 11.c3 0-0 12.Nc2 Bg5 13.a4 bxa4 14.Rxa4 a5 15.Bc4 Rb8 16.Ra2 Kh8 17.Nce3 g6 18.h4 Bxe3 19.Nxe3 f5 20.h5 g5 21.exf5 Bxf5 22.b3 Qf6 23.0-0 Rbd8 24.Bd5 Ne7 25.Rxa5 g4 26.Ra7 Qh4 27.g3 Qg5 28.Kg2 Nxd5 29.Qxd5 Bc8 30.Qe4 Bd7 31.Rh1 Rf3 32.Rh4 Rdf8 33.Nxg4 R3f4 34.gxf4 Qxh4 35.f3 Rg8 36.fxe5 Qxh5 37.Rxd7 d5 38.Qd4 1-0

[Event "Nagoya open"]
[Date "2006.6.24"]
[Round "1"]	
[White "Morimoto.D"]
[Black "Gonda.G"]
[Result "0-1"]
[WhiteElo "1665"]
[BlackElo "2043"]
1.e4 e5 2.Nf3 Nc6 3.Bb5 a6 4.Ba4 d6 5.d4 Bd7 6.0-0 b5 7.Bb3 exd4 8.Bd5 Nf6 9.Re1 Be7 10.Nbd2 0-0 11.Bxc6 Bxc6 12.Nxd4 Bb7 13.c3 Re8 14.a4 c5 15.Nf5 Bf8 16.Ng3 Qd7 17.f3 h6 18.c4 g6 19.b3 Bg7 20.Bb2 bxa4 21.Rxa4 Bc6 22.Ra3 Nxe4 23.Bxg7 Nxg3 24.Bxh6 Nf5 25.Rxe8+ Rxe8 26.Bf4 d5 27.Nf1 Nd4 28.Be3 dxc4 29.Bxd4 cxb3 30.Rxa6 Bb5 31.Rxg6+ fxg6 32.Qxb3+ Qe6 33.Qxe6+ Rxe6 34.Bxc5 Re1 35.Kf2 Rxf1+ 36.Kg3 Rc1 37.Be7 Rc2 38.Kh3 Bf1 39.Kg4 Rxg2+ 40.Kf4 Rxh2 41.Ke5 Kf7 42.Bg5 Re2+ 43.Kd6 Bg2 44.f4 Rd2+ 45.Kc5 Rd5+ 0-1

[Event "Nagoya open"]
[Date "2006.6.24"]
[Round "1"]	
[White "Sasaki.K"]
[Black "Yokomizo.Y"]
[Result "1-0"]
[WhiteElo "2006"]
[BlackElo "1635"]
1.e4 e5 2.Nf3 d6 3.d4 exd4 4.Nxd4 g6 5.Bc4 Qh4 6.0-0 Nf6 7.Nf3 Qh5 8.Ng5 Ng4 9.h3 Ne5 10.Be2 Qh6 11.Nxf7 Qg7 12.Nxh8 Qxh8 13.Nc3 c6 14.f4 Nf7 15.Bc4 Nd7 16.e5 Nb6 17.Bxf7+ Kxf7 18.exd6 Bg7 19.Qe2 Bd4+ 20.Kh1 Qf6 21.Ne4 Qd8 22.Ng5+ Kg7 23.Qe7+ Qxe7 24.dxe7 Bf5 25.Re1 Re8 26.c3 Bf6 27.Ne6+ Bxe6 28.Rxe6 Bxe7 29.Be3 Kf7 30.Re4 Nc8 31.Bf2 Nd6 32.Re2 Ra8 33.Rae1 Bf6 34.g4 h6 35.Rd1 Be7 36.Bc5 Rd8 37.Bxa7 Ne4 38.Rxd8 Ng3+ 39.Kg2 Nxe2 40.Rd7 Nxf4+ 41.Kf3 g5 42.Bc5 Ng6 43.Rxb7 Ke6 44.Bxe7 Nxe7 45.Rxe7+ Kxe7 46.Ke4 Kf6 47.a4 Ke6 48.a5 Kd6 49.Kf5 Kc5 50.Kg6 Kb5 51.b4 c5 52.Kxh6 cxb4 53.cxb4 1-0

[Event "Nagoya open"]
[Date "2006.6.24"]
[Round "1"]	
[White "Robertson.P"]
[Black "Johashi.F"]
[Result "0-1"]
[WhiteElo "1592"]
[BlackElo "1954"]
1.e4 e5 2.Nf3 Nc6 3.Bb5 f5 4.exf5 e4 5.Bxc6 dxc6 6.Qe2 Bxf5 7.Nc3 Qe7 8.Nd4 Bg6 9.0-0 0-0-0 10.Nxc6 bxc6 11.Qa6+ Kd7 12.Qxa7 Qc5 13.Qa4 Nf6 14.a3 Bd6 15.b4 Qe5 16.g3 Bf7 17.b5 Ra8 18.bxc6+ Ke7 19.Qb5 Qxb5 20.Nxb5 Bc4 21.Nxd6 Bxf1 22.Nf5+ Ke6 23.Nxg7+ Kf7 24.Kxf1 Kxg7 25.Bb2 Ra6 26.Re1 Re8 27.d3 Rxc6 28.Re2 Rce6 29.dxe4 Rxe4 30.Rd2 Re1+ 31.Kg2 R1e2 32.Rd7+ R8e7 33.Rxe7+ Rxe7 34.Bd4 Kg6 35.Kf1 Kf5 36.f3 Nd5 37.Kf2 Re6 38.c4 Nb6 39.c5 Nd7 40.Be3 Ra6 41.g4+ Ke6 42.Bf4 c6 43.Bd6 Rxa3 44.f4 Rc3 45.f5+ Kf6 46.Kg2 Nxc5 47.Bxc5 Rxc5 48.Kf3 Kg5 49.h4+ Kf6 50.Ke4 Rc4+ 51.Kf3 Rd4 0-1

[Event "Nagoya open"]
[Date "2006.6.24"]
[Round "1"]	
[White "Takahashi.R"]
[Black "Irie.Y"]
[Result "1-0"]
[WhiteElo "1932"]
[BlackElo "1558"]
1.e4 d6 2.d4 Nf6 3.Nc3 g6 4.Nf3 Bg7 5.Be2 0-0 6.0-0 c5 7.h3 cxd4 8.Nxd4 Nc6 9.Be3 Bd7 10.Nb3 Rc8 11.f4 a6 12.Kh1 Na5 13.Bd3 Nh5 14.Qe1 Bxc3 15.bxc3 Qc7 16.Qh4 e6 17.f5 exf5 18.exf5 Rfe8 19.Bd4 Bc6 20.fxg6 hxg6 21.Nxa5 Qxa5 22.Rf5 Re5 23.Bxe5 dxe5 24.Rxh5 gxh5 25.Qg5+ Kf8 26.Rf1 Qd5 27.c4 Qd6 28.Qxh5 Rc7 29.Bg6 Be8 30.Qh8+ Ke7 31.Qh4+ Kf8 32.Rf6 Qd1+ 33.Kh2 Kg7 34.Be4 Qd2 35.Bd5 b5 36.Rf5 Qd4 37.Qf6+ Kf8 38.Qd6+ Re7 39.Qh6+ Kg8 40.Rg5+ 1-0

[Event "Nagoya open"]
[Date "2006.6.24"]
[Round "1"]	
[White "Kida.A"]
[Black "Noguchi.K"]
[Result "0-1"]
[WhiteElo "1391"]
[BlackElo "1914"]
1.d4 Nf6 2.c4 c5 3.d5 e6 4.Nc3 exd5 5.cxd5 d6 6.e4 g6 7.Nf3 Bg7 8.Bd3 Bg4 9.h3 Bxf3 10.Qxf3 0-0 11.0-0 a6 12.a4 Nbd7 13.Bf4 Qc7 14.Rfe1 Rae8 15.Qg3 Ne5 16.Bxe5 Rxe5 17.f4 Ree8 18.Kh1 Nh5 19.Qf3 Bh6 20.g3 c4 21.Bc2 Qb6 22.Rab1 Qd4 23.Rbd1 Qb6 24.Rb1 f5 25.b4 Bg7 26.Kg2 Qd4 27.Nd1 fxe4 28.Bxe4 Nf6 29.Nf2 c3 30.a5 Kh8 31.b5 axb5 32.Rxb5 c2 33.Rxb7 Nxe4 0-1

[Event "Nagoya open"]
[Date "2006.6.24"]
[Round "1"]	
[White "Yoshii.M"]
[Black "Morimoto.K"]
[Result "1-0"]
[WhiteElo "1891"]
[BlackElo "1335"]
1.e4 c5 2.Nf3 d6 3.Bb5+ Bd7 4.Bxd7+ Qxd7 5.0-0 Nc6 6.c3 e5 7.d4 0-0-0 8.d5 Nce7 9.b4 cxb4 10.cxb4 Kb8 11.Nc3 g6 12.Qd3 f5 13.Ng5 fxe4 14.Ncxe4 Nf5 15.Ne6 Rc8 16.Be3 Ng7 17.Nxf8 Rxf8 18.b5 Nf5 19.b6 a6 20.Rfc1 Rc8 21.Rxc8+ Qxc8 22.Rc1 Qd8 23.Rc7 Nge7 24.Nf6 Nxe3 25.Nd7+ Ka8 26.Qxa6+ 1-0

[Event "Nagoya open"]
[Date "2006.6.24"]
[Round "1"]	
[White "Kashiwagi.I"]
[Black "Hoshino.E"]
[Result "1/2-1/2"]
[WhiteElo "1273"]
[BlackElo "1834"]
1.c4 e5 2.Nc3 Nf6 3.g3 Bc5 4.Bg2 c6 5.Nf3 e4 6.Ng5 Bxf2+ 7.Kxf2 Ng4+ 8.Kg1 Qxg5 9.Nxe4 Qg6 10.d3 d5 11.cxd5 cxd5 12.Nc3 Qb6+ 13.e3 Nxe3 14.Qe2 d4 15.Nd5 Qd6 16.Nxe3 dxe3 17.Qxe3+ Qe7 18.Be4 Be6 19.d4 Kf8 20.Bd2 Na6 21.d5 Bh3 22.Bg2 Qxe3+ 23.Bxe3 Bxg2 24.Kxg2 Ke7 25.Bf4 Rac8 26.Rhe1+ Kd7 27.d6 Rhe8 28.Kf3 Nc5 29.Rxe8 Rxe8 30.Rd1 Ne6 31.Be3 b6 32.b4 Nd8 33.h4 Nb7 34.Bf4 Re6 35.a4 Nxd6 36.a5 bxa5 37.bxa5 Kc6 38.Rc1+ Kb7 39.Rb1+ Ka6 40.Bd2 Nc4 41.Bf4 Nxa5 42.Rb8 Nc6 43.Rh8 h6 44.Rg8 Nd4+ 45.Kg2�oScore notes are not clear. The result is draw around 57th move.}1/2-1/2

[Event "Nagoya open"]
[Date "2006.6.24"]
[Round "2"]	
[White "Grosshands.R"]
[Black "Johashi.F"]
[Result "1-0"]
[WhiteElo "2131"]
[BlackElo "1954"]
1.e4 e5 2.Nf3 Nc6 3.Bb5 f5 4.Nc3 fxe4 5.Nxe4 d5 6.Nxe5 dxe4 7.Nxc6 Qg5 8.Nd4+ c6 9.Bf1 Qd5 10.c3 Bc5 11.Nb3 Bb6 12.d4 Nf6 13.Be2 0-0 14.Be3 Be6 15.h3 Qf5 16.g4 Qg6 17.c4 Qf7 18.Qc2 Qg6 19.0-0-0 a5 20.Nc5 Bxc5 21.dxc5 a4 22.Qc3 Rfe8 23.Rd6 Qf7 24.Rf1 Qc7 25.Qd4 Bf7 26.g5 Nh5 27.Rd7 Qc8 28.Bxh5 1-0

[Event "Nagoya open"]
[Date "2006.6.24"]
[Round "2"]	
[White "Takahashi.R"]
[Black "Kojima.S"]
[Result "0-1"]
[WhiteElo "1932"]
[BlackElo "2122"]
1.e4 c5 2.Nf3 d6 3.d4 cxd4 4.Nxd4 Nf6 5.Nc3 g6 6.Be2 Bg7 7.0-0 Nc6 8.Kh1 Nxd4 9.Qxd4 0-0 10.f4 Bg4 11.Bd3 Bd7 12.Qe3 Bc6 13.Bd2 d5 14.exd5 Nxd5 15.Qc5 Rc8 16.Nxd5 Bxd5 17.Qa3 Qb6 18.Bb4 Rfe8 19.Rae1 e5 20.fxe5 Rxe5 21.Rxe5 Bxe5 22.c3 Qe3 23.c4 Qh3 0-1

[Event "Nagoya open"]
[Date "2006.6.24"]
[Round "2"]	
[White "Noguchi.K"]
[Black "Iwasaki.Y"]
[Result "1-0"]
[WhiteElo "1914"]
[BlackElo "2050"]
1.Nf3 Nf6 2.c4 g6 3.g3 Bg7 4.Bg2 0-0 5.0-0 d6 6.Nc3 e5 7.d3 Nc6 8.Rb1 a5 9.a3 Re8 10.b4 axb4 11.axb4 e4 12.Nxe4 Nxe4 13.dxe4 Rxe4 14.Ng5 Re8 15.c5 h6 16.b5 Ne5 17.Ne4 d5 18.Nc3 c6 19.bxc6 bxc6 20.Na4 Ba6 21.Nb6 Ra7 22.Qa4 Qe7 23.Ra1 Nf3+ 24.Bxf3 Bxa1 25.Qxc6 Bb7 26.Nxd5 Bxc6 27.Nxe7+ Rexe7 28.Bxc6 Bd4 29.Bxh6 Rxe2 30.Bf3 Rxf2 31.Rxf2 Ra2 32.c6 Rxf2 33.Bg2 g5 34.Kh1 Be3 35.h4 f6 36.Be4 Kf7 37.Bg2 Rf5 38.Kh2 Bb6 39.Kh3 Rc5 40.Kg4 Kg6 41.Bf8 gxh4 42.Bxc5 1-0

[Event "Nagoya open"]
[Date "2006.6.24"]
[Round "2"]	
[White "Gonda.G"]
[Black "Yoshii.M"]
[Result "1-0"]
[WhiteElo "2043"]
[BlackElo "1891"]
1.d4 Nf6 2.c4 c5 3.d5 b5 4.Nf3 g6 5.cxb5 a6 6.Nc3 axb5 7.e4 b4 8.Nb5 d6 9.e5 dxe5 10.Nxe5 Bg7 11.Bc4 0-0 12.0-0 Bd7 13.Nxd7 Nbxd7 14.d6 exd6 15.Nxd6 Ne5 16.Be2 Nc6 17.Bf3 Ra6 18.Be3 Nd4 19.Nb7 Nxf3+ 20.Qxf3 Qd5 21.Nxc5 Ra5 22.Rfd1 Qxf3 23.gxf3 Rfa8 24.a3 bxa3 25.Rxa3 Rxa3 26.bxa3 Bf8 27.Rd3 Ra5 28.Ne4 Kg7 29.Bd4 Be7 30.Bc3 Rf5 31.Rd7 Kf8 32.Rxe7 Kxe7 33.Bxf6+ Ke6 34.Bc3 h6 35.Kg2 Rb5 36.Bb4 Rb6 37.Bf8 f5 38.Nc3 Rb3 39.Bb4 Ke5 40.Ne2 Rb2 41.Bc3+ 1-0

[Event "Nagoya open"]
[Date "2006.6.24"]
[Round "2"]	
[White "Akai.K"]
[Black "Kashiwagi.I"]
[Result "1/2-1/2"]
[WhiteElo "1919"]
[BlackElo "1273"]
1.d4 Nf6 2.c4 e6 3.Nc3 Bb4 4.Qc2 b6 5.e4 Bb7 6.Bd3 Nc6 7.Nf3 0-0 8.e5 Ne8 9.Bxh7+ Kh8 10.Bg5 Ne7 11.Be4 c6 12.0-0 d5 13.a3 Bxc3 14.bxc3 dxe4 15.Qxe4 f6 16.exf6 Nxf6 17.Qd3 c5 18.d5 exd5 19.Ne5 Qc8 20.Rfe1 Qf5 21.Ng6+ Qxg6 22.Qh3+ Qh7 23.Qxh7+ Kxh7 24.Rxe7 Ba6 25.Bxf6 Rxf6 26.cxd5 Bc4 27.f3 Rd6 28.Rd1 Rxd5 29.Rxd5 Bxd5 30.Kf2 a5 31.Rd7 Bc4 32.Rb7 Ra6 33.g4 Bd5 34.Rd7 Bc4 35.Rb7 {Score notes are not clear. The result is draw around 40th move.}1/2-1/2

[Event "Nagoya open"]
[Date "2006.6.24"]
[Round "2"]	
[White "Hoshino.E"]
[Black "Yokomizo.Y"]
[Result "0-1"]
[WhiteElo "1834"]
[BlackElo "1635"]
1.e4 d6 2.d4 g6 3.Bc4 Bg7 4.Ne2 Nf6 5.f3 0-0 6.0-0 c6 7.Bb3 Qc7 8.c4 e5 9.d5 Qb6+ 10.Kh1 cxd5 11.cxd5 Na6 12.Nec3 Nd7 13.Nd2 Nac5 14.Nc4 Qd8 15.Nb5 Nxb3 16.axb3 Nc5 17.Nbxd6 a6 18.Be3 Nd7 19.Na5 b6 20.Nc6 Qf6 21.Nxc8 Rfxc8 22.f4 Re8 23.fxe5 Qh4 24.Qf3 Nxe5 25.Nxe5 Bxe5 26.g3 Qe7 27.Bxb6 Bxb2 28.Rae1 f6 29.Qe3 Qb4 30.Bc5 Qb5 31.b4 a5 32.Bd4 Qxb4 33.Bxf6 a4 34.Qd3 Bxf6 35.d6 Qd4 36.Qf3 Rf8 37.Qa3 Rad8 38.Rf4 Be5 39.Qa2+ Kg7 0-1

[Event "Nagoya open"]
[Date "2006.6.24"]
[Round "2"]	
[White "Looijmans.K "]
[Black "Robertson.P"]
[Result "0-1"]
[WhiteElo "2083"]
[BlackElo "1592"]
1.Nf3 d5 2.g3 c5 3.Bg2 Nf6 4.0-0 e6 5.c4 Be7 6.cxd5 exd5 7.d3 0-0 8.Ne5 Qc7 9.f4 b6 10.Nc3 Bb7 11.Qb3 d4 12.Nb5 Qc8 13.Nxa7 Qc7 14.Nb5 Qc8 15.a4 Bxg2 16.Kxg2 Qb7+ 17.Kg1 Nc6 18.Bd2 Nxe5 19.fxe5 Nd7 20.e6 Ne5 21.exf7+ Nxf7 22.Na3 Bf6 23.a5 Rab8 24.Bf4 Rbe8 25.Rae1 Be5 26.Nc4 Bxf4 27.Rxf4 Kh8 28.Nxb6 Ng5 29.Rxf8+ Rxf8 30.Qd5 Qe7 31.Kh1 Nf3 32.Rf1 Qxe2 33.Rxf3 Qxf3+ 34.Qxf3 Rxf3 35.Na4 c4 36.a6 cxd3 37.a7 Rf8 38.b4 Ra8 39.Nb2 d2 40.Kg2 Rxa7 41.Kf3 Rb7 42.Ke2 Rxb4 43.Nd1 Ra4 44.h4 g6 45.Kxd2 Ra3 46.g4 Rg3 47.Nf2 Rg2 48.Ke2 Rg3 49.h5 gxh5 50.gxh5 Kg7 51.Ne4 Re3+ 0-1

[Event "Nagoya open"]
[Date "2006.6.24"]
[Round "2"]	
[White "Irie.Y"]
[Black "Ozaki.Y"]
[Result "1-0"]
[WhiteElo "1558"]
[BlackElo "1785"]
1.e4 c5 2.Nf3 e6 3.d4 cxd4 4.Nxd4 a6 5.Bc4 Nc6 6.0-0 Nf6 7.Nc3 Be7 8.Bf4 d6 9.Nxc6 bxc6 10.e5 dxe5 11.Bxe5 0-0 12.Qf3 Qb6 13.Qg3 Qc5 14.Ne4 Qxc4 15.Nxf6+ Bxf6 16.Bxf6 g6 17.Qg5 1-0

[Event "Nagoya open"]
[Date "2006.6.24"]
[Round "2"]	
[White "Kurihara.T"]
[Black "Kida.A"]
[Result "1/2-1/2"]
[WhiteElo "1717"]
[BlackElo "1391"]
1.e4 c5 2.Nf3 d6 3.d4 cxd4 4.Nxd4 Nc6 5.Nc3 a6 6.Be2 g6 7.Be3 Bg7 8.Qd2 Nf6 9.0-0 0-0 10.Rfd1 Ne5 11.f3 Bd7 12.a4 Rc8 13.a5 Qc7 14.Na4 Bxa4 15.Rxa4 Rfe8 16.c4 Nfd7 17.Rc1 Nc5 18.Ra3 Qd7 19.b4 Ne6 20.Nxe6 Qxe6 21.Rac3 Nc6 22.R3c2 Qf6 23.Rd1 Qe6 24.Qc1 Nxb4 25.Rcd2 Nc6 26.Qa3 Ne5 27.Qb4 Nxc4 28.Bxc4 Qxc4 29.Qxb7 Rb8 30.Qd7 Bf8 31.Bb6 Qc8 32.Qa4 Qb7 33.Rd5 Bg7 34.Rc1 Be5 35.Rdd1 Rec8 36.Rxc8+ Rxc8 37.Qa2 Qc6 38.Qe2 Ra8 39.Qd2 Rc8 40.Qe2 Qb7 41.Qd2 Rc6 42.Qd5 Qc8 43.Qd3 Qb7 44.Qd5 Qc8 45.Qd3 1/2-1/2

[Event "Nagoya open"]
[Date "2006.6.24"]
[Round "2"]	
[White "Ohtake.S"]
[Black "Morimoto.K"]
[Result "1-0"]
[WhiteElo "1670"]
[BlackElo "1335"]
1.d4 d5 2.e4 dxe4 3.Nc3 e6 4.Nxe4 Nf6 5.Bg5 Be7 6.Bxf6 Bxf6 7.Nxf6+ Qxf6 8.Nf3 Nc6 9.Bb5 Bd7 10.0-0 a6 11.Ba4 Nb8 12.Bb3 Nc6 13.d5 Ne5 14.Nxe5 Qxe5 15.Re1 Qf5 16.dxe6 Bxe6 17.Qe2 Ke7 18.Qc4 c5 19.g4 Qg5 20.Rxe6+ fxe6 21.Qxe6+ Kd8 22.Rd1+ Kc7 23.Qd6+ Kc8 24.Be6+ 1-0

[Event "Nagoya open"]
[Date "2006.6.25"]
[Round "3"]	
[White "Sasaki.K"]
[Black "Grosshans.R"]
[Result "1/2-1/2"]
[WhiteElo "2006"]
[BlackElo "2131"]
1.e4 Nf6 2.e5 Nd5 3.d4 d6 4.c4 Nb6 5.f4 dxe5 6.fxe5 Nc6 7.Be3 Bf5 8.Nc3 e6 9.Be2 Qd7 10.Nf3 0-0-0 11.Qd2 f6 12.exf6 gxf6 13.0-0-0 Na5 14.Bd3 Naxc4 15.Qe2 Nxe3 16.Qxe3 h5 17.Kb1 Bh6 18.Qe2 Bxd3+ 19.Rxd3 Nd5 20.g3 Rhe8 21.Re1 Qh7 22.Qe4 f5 23.Qe2 f4 24.Qe4 Qxe4 25.Nxe4 Nb4 26.Rdd1 fxg3 27.hxg3 Nc6 28.Nc5 Rf8 29.Rd3 Rf6 30.Rxe6 Rxe6 31.Nxe6 Re8 32.Nfg5 Bxg5 1/2-1/2

[Event "Nagoya open"]
[Date "2006.6.25"]
[Round "3"]	
[White "Kojima.S"]
[Black "Noguchi.K"]
[Result "0-1"]
[WhiteElo "2122"]
[BlackElo "1914"]
1.e4 c5 2.Nf3 g6 3.d4 Bg7 4.c3 cxd4 5.cxd4 d5 6.exd5 Nf6 7.Nc3 Nxd5 8.Bc4 Nb6 9.Bb3 0-0 10.Be3 Bg4 11.h3 Bxf3 12.Qxf3 Nc6 13.0-0-0 Na5 14.h4 Nbc4 15.Bxc4 Nxc4 16.h5 Qb6 17.b3 Qb4 18.Kc2 Na3+ 19.Kb2 Rac8 20.Nd5 Rc2+ 21.Ka1 Qd6 22.Qe4 e6 23.Nf4 e5 24.Nd3 exd4 25.Bf4 Qa6 26.Nb4 d3+ 27.Be5 Qe6 28.f4 Re2 29.Qxd3 Bxe5+ 30.fxe5 Qxe5+ 31.Qd4 Qxd4+ 32.Rxd4 a5 33.hxg6 hxg6 34.Rdh4 axb4 35.g4 Rfe8 36.Rh8+ Kg7 37.Rxe8 Rxe8 38.Kb2 Re2+ 39.Kc1 Rxa2 0-1

[Event "Nagoya open"]
[Date "2006.6.25"]
[Round "3"]	
[White "Gonda.G"]
[Black "Lacang.P"]
[Result "1-0"]
[WhiteElo "2043"]
[BlackElo "1703"]
1.d4 d5 2.c4 c6 3.Nf3 Nf6 4.cxd5 cxd5 5.Nc3 g6 6.Bg5 Bg7 7.Qb3 e6 8.e3 0-0 9.Bd3 a6 10.0-0 Nc6 11.Ne5 h6 12.Bh4 g5 13.Bg3 Nxe5 14.Bxe5 Nh5 15.Bxg7 Nxg7 16.Na4 b5 17.Nc5 f5 18.a4 bxa4 19.Rxa4 a5 20.Rfa1 f4 21.e4 f3 22.g3 Bd7 23.Nxd7 Qxd7 24.Rxa5 Rxa5 25.Rxa5 dxe4 26.Bxe4 Qxd4 27.Ra4 Qd2 28.Bxf3 h5 29.h3 Qe1+ 30.Kg2 Qe5 31.Re4 Qf6 32.Qc3 Qg6 33.Rc4 h4 34.gxh4 gxh4+ 35.Rg4 Qh6 36.Qd4 Rf5 37.Be4 Rf7 38.Bd3 Rf8 39.Rxh4 Qg5+ 40.Rg4 Qe7 41.Qe4 Rf5 42.Bc4 Qf6 43.Bxe6+ Kh8 44.Bxf5 Nxf5 45.b4 Nh6 46.Rg6 Qf8 47.Qe5+ Kh7 48.Qf6 Qa8+ 49.Qc6 Qf8 50.Rxh6+ 1-0

[Event "Nagoya open"]
[Date "2006.6.25"]
[Round "3"]	
[White "Yokomizo.Y"]
[Black "Iwasaki.Y"]
[Result "0-1"]
[WhiteElo "1635"]
[BlackElo "2050"]
1.e4 c5 2.d3 Nc6 3.g3 g6 4.Bg2 Bg7 5.c3 Nf6 6.Bd2 d5 7.Qc1 h5 8.exd5 Nxd5 9.Nf3 Bf5 10.Bf1 Qd7 11.a3 Rd8 12.Nh4 Qe6+ 13.Kd1 Ne5 14.Nxf5 Qxf5 15.Be2 Nxd3 16.Bxd3 Qxd3 17.Re1 0-0 18.c4 Nb6 19.Qc2 Nxc4 20.Qxd3 Nxb2+ 21.Ke2 Nxd3 22.Ra2 Nxe1 23.Bxe1 c4 24.Bb4 Rd3 25.Nd2 b5 26.a4 a6 27.Ne4 Rb3 28.Bd2 c3 29.Bc1 Rd8 30.axb5 Rb2+ 31.Bxb2 cxb2 32.bxa6 b1=Q 0-1

[Event "Nagoya open"]
[Date "2006.6.25"]
[Round "3"]	
[White "Johashi.F"]
[Black "Ohtake.S"]
[Result "1-0"]
[WhiteElo "1954"]
[BlackElo "1670"]
1.d4 Nf6 2.c4 e5 3.dxe5 Ng4 4.Bf4 Nc6 5.Nf3 Bc5 6.e3 Qe7 7.Nbd2 Ngxe5 8.a3 a5 9.Be2 d6 10.0-0 Ng6 11.Bg3 0-0 12.Nb3 Bb6 13.Nbd4 Bd7 14.Nxc6 Bxc6 15.Nd4 Bd7 16.b4 c5 17.Nc2 Ba4 18.b5 Rad8 19.Bf3 Ne5 20.Bd5 Nxc4 21.Bxc4 d5 22.Be2 d4 23.Qd3 Rfe8 24.Qc4 Bxc2 25.Qxc2 dxe3 26.Rfe1 Rd2 27.Qc4 exf2+ 28.Bxf2 Rxe2 29.Rxe2 Qxe2 30.Re1 Qxe1+ 31.Bxe1 Rxe1+ 32.Kf2 Re6 33.Qd5 c4+ 34.Kf1 h6 35.Qxb7 Kh7 36.Qd5 Rf6+ 37.Ke1 Rf4 38.g3 Rd4 39.Qc6 Bd8 40.b6 Bxb6 41.Qxb6 Re4+ 42.Kd2 Re5 43.Qd4 Rb5 44.Qxc4 Rb2+ 45.Kc3 Rxh2 46.Qxf7 Re2 47.Qf5+ Kh8 48.Kd3 Rg2 49.Qf3 Ra2 50.Qa8+ Kh7 51.Qxa5 Rf2 52.Ke3 Rf6 53.Qe5 Kg6 54.a4 Kf7 55.Qc7+ Kg6 56.a5 Rf7 57.Qb6+ Kg5 58.a6 g6 59.a7 Rxa7 60.Qxa7 Kg4 61.Qf7 g5 62.Kf2 h5 63.Qe6+ 1-0

[Event "Nagoya open"]
[Date "2006.6.25"]
[Round "3"]	
[White "Robertson.P"]
[Black "Takahashi.R"]
[Result "1/2-1/2"]
[WhiteElo "1592"]
[BlackElo "1932"]
1.e4 e5 2.Nf3 Nf6 3.Nxe5 d6 4.Nf3 Nxe4 5.d4 d5 6.Bd3 Be7 7.0-0 Nc6 8.h3 0-0 9.Nbd2 Bf5 10.Re1 Nxd2 11.Bxf5 Nxf3+ 12.Qxf3 Nxd4 13.Bxh7+ Kxh7 14.Qd3+ Kg8 15.Qxd4 Re8 1/2-1/2

[Event "Nagoya open"]
[Date "2006.6.25"]
[Round "3"]	
[White "Irie.Y"]
[Black "Akai.K"]
[Result "0-1"]
[WhiteElo "1558"]
[BlackElo "1919"]
1.d4 d5 2.c4 e6 3.Nf3 c5 4.cxd5 exd5 5.Nc3 Nc6 6.e3 Nf6 7.Be2 Bd6 8.0-0 0-0 9.Nb5 Be7 10.dxc5 Bxc5 11.a3 a6 12.Nc3 Re8 13.b4 Ba7 14.b5 axb5 15.Nxb5 Bb8 16.Bb2 Ne4 17.Rc1 Ra6 18.Qd3 Rb6 19.Rfd1 Be6 20.Bd4 Nxd4 21.Qxd4 Rc6 22.Bd3 Qa5 23.Ne5 Rxc1 24.Rxc1 Qd2 25.Rf1 Bxe5 26.Qxe5 Qxd3 27.Nc7 Nd2 28.Rc1 Nc4 29.Qg5 Qxa3 30.Rb1 h6 31.Qf4 Qd3 32.Ra1 Rf8 33.h3 Qg6 34.Kh1 Qg5 35.Qd4 Qe5 36.Qxe5 Nxe5 37.Rb1 Nd3 38.f4 Nc5 39.Rc1 b6 0-1

[Event "Nagoya open"]
[Date "2006.6.25"]
[Round "3"]	
[White "Yoshii.M"]
[Black "Kashiwagi.I"]
[Result "1-0"]
[WhiteElo "1891"]
[BlackElo "1273"]
1.e4 c5 2.Nf3 Nc6 3.Bb5 Qc7 4.0-0 Nf6 5.Re1 a6 6.Bxc6 Qxc6 7.d4 cxd4 8.Nxd4 Qc7 9.Nc3 e5 10.Nf5 d6 11.Ne3 Be7 12.Ned5 Nxd5 13.Nxd5 Qd8 14.Be3 0-0 15.Bb6 Qd7 16.a4 Bd8 17.a5 Qb5 18.Bxd8 Rxd8 19.Nc7 Qxb2 20.Nxa8 Qb4 21.Nb6 Be6 22.Nd5 Qc5 23.Qd3 Kf8 1-0

[Event "Nagoya open"]
[Date "2006.6.25"]
[Round "3"]	
[White "Kida.A"]
[Black "Hoshino.E"]
[Result "0-1"]
[WhiteElo "1391"]
[BlackElo "1834"]
1.d4 e6 2.c4 d5 3.Nf3 Nf6 4.a3 Nc6 5.Nc3 Ne4 6.e3 Na5 7.cxd5 exd5 8.Bd3 f5 9.Bxe4 fxe4 10.Ne5 g6 11.0-0 Bf5 12.f3 Bd6 13.Nxd5 exf3 14.Qxf3 0-0 15.e4 c6 16.exf5 cxd5 17.f6 Bxe5 18.dxe5 Qb6+ 19.Kh1 Qe6 20.Bf4 Nc6 21.Rae1 Rf7 22.Qg3 Nd4 23.h4 Kf8 24.Qc3 Nf5 25.Qb4+ Kg8 26.Bh2 d4 27.h5 gxh5 28.Qd2 Ne3 29.Rf3 Ng4 30.Qg5+ Kf8 31.Qxh5 Rd8 32.Bg1 d3 33.Rd1 Rd5 34.Rfxd3 Nxf6 35.Qh6+ Ke7 36.Rxd5 Nxd5 37.Bc5+ Kd7 38.Qd2 Kc6 39.Rc1 Kd7 40.Bd6 Rf5 41.Kg1 Ke8 42.Rc8+ Qxc8 43.Qxd5 Qc1+ 44.Kh2 Qf4+ 45.Kg1 Qf2+ 0-1

[Event "Nagoya open"]
[Date "2006.6.25"]
[Round "3"]	
[White "Morimoto.D"]
[Black "Kurihara.T"]
[Result "0-1"]
[WhiteElo "1665"]
[BlackElo "1717"]
1.e4 e6 2.d4 d5 3.Nc3 Bb4 4.e5 c5 5.a3 Bxc3+ 6.bxc3 Ne7 7.Bd3 Nbc6 8.Nf3 Qa5 9.Bd2 c4 10.Be2 Bd7 11.Qb1 Qc7 12.a4 f6 13.h4 fxe5 14.Nxe5 Nxe5 15.dxe5 Nc6 16.Bf4 0-0-0 17.a5 Nxa5 18.0-0 Rdf8 19.Bg5 Rf7 20.Bh5 g6 21.Bf3 Nc6 22.Bf6 Rg8 23.Re1 h6 24.g4 Rxf6 25.exf6 Qf4 26.f7 Rf8 27.Qd1 Rxf7 28.Kg2 h5 29.gxh5 gxh5 30.Rf1 Qxh4 31.Rh1 Qg5+ 32.Kf1 Qf5 33.Kg2 Ne5 34.Rh3 Nxf3 35.Rxf3 Qxf3+ 36.Qxf3 Rxf3 37.Kxf3 a6 38.Kf4 Kd8 39.Ke5 Ke7 40.Rb1 Bc6 41.Rh1 Ba4 42.Rc1 b5 43.Ra1 Kf7 44.f4 Bxc2 45.Rxa6 Bf5 46.Rb6 Kg6 47.Rxb5 h4 48.Rb2 h3 49.Kd4 Kh5 50.Ke3 Kg4 51.Rf2 0-1

[Event "Nagoya open"]
[Date "2006.6.25"]
[Round "3"]	
[White "Morimoto.K"]
[Black "Looijmans.K"]
[Result "1-0"]
[WhiteElo "1335"]
[BlackElo "2083"]
1.e4 c5 2.Nf3 e6 3.d4 cxd4 4.Nxd4 Nc6 5.Nc3 Qc7 6.Nxc6 Qxc6 7.Bd3 a6 8.0-0 b5 9.Be3 Bb7 10.a3 Nf6 11.f3 Be7 12.Qe2 0-0 13.e5 Nd5 14.Nxd5 Qxd5 15.Bd2 Rac8 16.Rac1 Qd4+ 17.Kh1 Qxb2 18.f4 f5 19.exf6 Bxf6 20.Qh5 g6 21.Qh3 Qxa3 22.f5 Rc4 23.fxg6 Rh4 24.gxh7+ Kh8 25.Qg3 Qe7 26.Rf4 Rxf4 27.Bxf4 Qg7 28.Qh3 Bg5 29.Bxg5 Qxg5 30.Re1 Rf4 31.Kg1 Rh4 32.Qg3 Rg4 33.Qb8+ 1-0

[Event "Nagoya open"]
[Date "2006.6.25"]
[Round "4"]	
[White "Noguchi.K"]
[Black "Gonda.G"]
[Result "0-1"]
[WhiteElo "1914"]
[BlackElo "2043"]
1.Nf3 Nf6 2.c4 e6 3.g3 b6 4.Bg2 Bb7 5.0-0 Be7 6.b3 0-0 7.Bb2 c5 8.e3 d5 9.Qe2 dxc4 10.bxc4 Nc6 11.Rd1 Rc8 12.Nc3 Qc7 13.Rac1 Rfd8 14.d4 Na5 15.Nb5 Qb8 16.Bc3 a6 17.Bxa5 bxa5 18.Nc3 cxd4 19.exd4 Bb4 20.Ne5 Bxg2 21.Kxg2 Nd7 22.Nxd7 Rxd7 23.c5 Rcd8 24.Qc4 Bxc3 25.Rxc3 Qb5 26.c6 Rd5 27.c7 Rc8 28.Qxb5 axb5 29.Rc5 Kf8 30.Rb1 Rxc5 31.dxc5 b4 32.a3 Rxc7 33.axb4 axb4 34.Rxb4 Rxc5 35.Rd4 Ke7 36.Kf3 e5 37.Ra4 Rc6 38.Ke4 Ke6 39.Ra3 f5+ 40.Ke3 h6 41.Rb3 g5 42.Ra3 f4+ 43.Kf3 h5 44.h3 Kd5 45.Rd3+ Ke6 46.Ra3 Rc5 47.Rb3 Rc4 48.Rb6+ Kd5 49.Rg6 e4+ 50.Kg2 f3+ 51.Kg1 Rc1+ 52.Kh2 Rf1 53.Rxg5+ Kd4 54.Rxh5 Rxf2+ 55.Kg1 Rg2+ 56.Kf1 e3 57.Rh4+ Kd3 0-1

[Event "Nagoya open"]
[Date "2006.6.25"]
[Round "4"]	
[White "Grosshans.R"]
[Black "Kojima.S"]
[Result "1/2-1/2"]
[WhiteElo "2131"]
[BlackElo "2122"]
1.e4 c5 2.Nc3 Nc6 3.g3 g6 4.Bg2 Bg7 5.d3 d6 6.f4 e6 7.Nf3 Nge7 8.0-0 0-0 9.Be3 Nd4 10.Qd2 Rb8 11.Nh4 b5 12.Rfc1 b4 13.Nd1 Bd7 14.c3 bxc3 15.bxc3 Ndc6 16.e5 dxe5 17.Bxc5 exf4 18.Qxf4 Qa5 19.d4 e5 20.Qf2 exd4 21.cxd4 Rfe8 22.Kh1 Nf5 23.Nxf5 Re1+ 24.Bf1 Bxf5 25.Ne3 Rxc1 26.Rxc1 Bxd4 27.Bxd4 Nxd4 28.Nxf5 Nxf5 29.Bc4 Qa3 30.Re1 Rb2 31.Qf4 Qc5 32.Re8+ Kg7 33.Qe5+ Qxe5 34.Rxe5 Kf6 35.Re1 Nd6 36.Bb3 Rd2 37.Rc1 Kg5 38.Rc7 Kg4 39.Bxf7 Nxf7 40.Rxf7 Rxa2 41.Rxh7 a5 42.Rh4+ Kf3 43.Rf4+ Ke3 44.Rg4 a4 45.Rxg6 a3 46.Ra6 Kf2 47.Rf6+ Ke3 1/2-1/2